000 00337nam a2200133Ia 4500
005 20260328101448.0
008 260328s9999||||xx |||||||||||||| ||und||
100 _aMcCarter, Robert
245 0 _aFallingwater - Frank Lloyd Wright /
_cRobert McCarter
260 _bBarnes & Noble
300 _a60 p.
650 _aARQUITECTOS
942 _cBK
999 _c8533
_d8533